Nilüfer'in hikayesi (Record no. 5944)

MARC details
000 -BAŞLIK
Sabit Uzunlukta Kontrol Alanı 00692na a2200241 4500
001 - KONTROL NUMARASI
Denetim Alanı 18982
003 - KONTROL NUMARASI IDENTIFIER
Denetim Alanı MIRAKIL
005 - SON İŞLEM TARİHİ VE ZAMANI
Denetim Alanı 20181213155051.0
008 - SABİT-BOY VERİ ELEMANLARI - GENEL BİLGİLER
Sabit Uzunlukta Kontrol Alanı 161206b tu 000 0
020 ## - ULUSLARARASI STANDART KİTAP NUMARASI
Uluslararası Standart Kitap Numarası 9786056444579
040 ## - KATALOGLAMA KAYNAK
Orijinal Kataloglama Ajansı Milas
Kataloglama Dili tur
Metne Dönüştürmek Ajansı TR-AnCHP
041 ## - DİL KODU
Metin / Ses Parça Veya Ayrı Başlığın Dil Kodu tur
082 ## - DEWEY ONLU SINIFLANDIRMA NUMARASI
Sınıflandırma Numarası 956.22316
Ürün Numarası N54 2014
090 ## - SINIFLAMA NUMARASI
Sınıflama Numarası 956.22316 N54 2014
245 ## - BAŞLIK TABLOSU
Başlık Nilüfer'in hikayesi
Sorumluluk Tablosu, Vb Nilüfer Belediyesi
260 ## - YAYIN, DAĞITIM, VB
Yayın, Dağıtım, Vb Yeri Bursa
Yayıncı, Dağıtıcı, Vs Adı Nilüfer Belediyesi
Yayın, Dağıtım, Vb Tarihi 2014
300 ## - FİZİKSEL TANIM
Kapsam 544 s.
Diğer Fiziksel Ayrıntıları res.
Boyutlar 29 sm.
490 ## - SERİSİ TABLOSU
Seri Beyanı Nilüfer Belediyesi Sözlü Tarih ve Araştırma Projesi
Hacim / Ardışık Tanımı 1
650 ## - KONU KATMA GİRİŞ - TOPİKAL DÖNEM
Topikal Süreli Veya Coğrafi Ad Giriş Elemanı Tarih
Genel Alt Bölümü Bursa
Coğrafi Alt Bölümü Nilüfer
651 ## - KONU KATMA GİRİŞ - COĞRAFİ ADI
Coğrafi İsim Nilüfer ilçesi
Genel Alt Bölümü Tarih
710 ## - KATMA GİRİŞ - KURUMSAL ADI
Giriş Elemanı Olarak Kurumsal Ad Veya Yargı Alanı Adı Nilüfer Belediyesi
942 ## - EKLENDİ GİRİŞ ELEMANLARI (KOHA)
Sınıflandırma Veya Raf Düzeni Kaynak
Koha Öğesi Türü Books
999 ## - SİSTEM KONTROL NUMARALARI (KOHA)
Koha Biblionumber 5944
Koha Biblioitemnumber 5944
Holdings
Kalıcı Konum Mevcut Konum Edinme Tarihi Edinim Kaynak Toplam Check-Out'Lar Tam Çağrı Numarası Barkod Tarih Son Görülme İtibaren Geçerli Fiyatlar Koha Öğesi Türü
CHP Kütüphanesi CHP Kütüphanesi 12/06/2016 Bağış   956.22316 N54 2014 008917 12/06/2016 12/06/2016 Books